书目信息 |
| 题名: |
集值分析
|
|
| 作者: | 李雷 , 吴从炘 著 | |
| 分册: | ||
| 出版信息: | 北京 科学出版社 2003.9 |
|
| 页数: | 178页 | |
| 开本: | 24cm | |
| 丛书名: | 现代数学基础丛书 | |
| 单 册: | ||
| 中图分类: | O189 | |
| 科图分类: | ||
| 主题词: | 集值映射 | |
| 电子资源: | ||
| ISBN: | 7-03-011176-1 | |
| 000 | 00689nam2 2200253 45 | |
| 001 | 012004000000 | |
| 005 | 20050110150337.17 | |
| 010 | @a7-03-011176-1@dCNY 24.00 | |
| 100 | @a20041122d2003 em y0chiy0121 ea | |
| 101 | 0 | @achi |
| 102 | @aCN@b110000 | |
| 105 | @aa z 001yy | |
| 200 | 1 | @a集值分析@Aji zhi fen xi@f李雷, 吴从炘著 |
| 210 | @a北京@c科学出版社@d2003.9 | |
| 215 | @a178页@c图@d24cm | |
| 225 | 2 | @a现代数学基础丛书@v84 |
| 320 | @a本书含索引及参考文献 | |
| 410 | 0 | @12001 @a现代数学基础丛书 |
| 606 | 0 | @a集值映射 |
| 690 | @aO189@v4 | |
| 701 | 0 | @a李雷@Ali lei@4著 |
| 701 | 0 | @a吴从炘@Awu cong xin@4著 |
| 801 | 0 | @aCN@bQSSKcyc@c20050110 |
| 905 | @a10447@dO189@eL203 | |
| 集值分析/李雷, 吴从炘著.-北京:科学出版社,2003.9 |
| 178页:图;24cm.-(现代数学基础丛书;84) |
| ISBN 7-03-011176-1:CNY 24.00 |
| ● |
| 相关链接 |
|
|
|
正题名:集值分析
索取号:O189/L203
 
预约/预借
| 序号 | 登录号 | 条形码 | 馆藏地/架位号 | 状态 | 备注 |
| 1 | 433803 | 204338038 | 自科库401/401自科库 76排2列4层/ [索取号:O189/L203] | 在馆 | |
| 2 | 435693 | 204356936 | 自科库401/401自科库 76排2列4层/ [索取号:O189/L203] | 在馆 | |
| 3 | 435694 | 204356945 | 自科库401/401自科库 76排2列4层/ [索取号:O189/L203] | 在馆 |